00791nam a22002057a 4500999001900000005001700019010001500036020003000051035001400081037001300095082001400108100002800122245009700150250000900247260003100256270008400287300006200371942002800433952012400461 c182533d18253320220216120521.0 aENG-130114 a978-93-8651-593-3c629.00 aEN-113646 bDBAD/PUB a346.54072 aMulla, Dinshah Fardunji aMulla The Sale of Goods Act & The Indian Partnership Act:cDinshah Fardunji Mulla, K. Kannan a11th aGurgaonbLexis Nexisc2019 a14th floor, Building No.10, Tower-B, DLF Cyber City, Phase-II bGurgaone122002 axlvii, 383p.c24cm (pbk)bGeneral Contents, Subject Index 2ddccENh346.54072mMUL 001040708NFICaAVbAVd2021-11-18eDBAD/PUBg629.00l0o346.54072 MULpEN-113646r2021-11-18 00:00:00t1v629.00yEN